A Categorically African Quiz Stats

 Plays Quiz not verified by Sporcle

Score 0/15 Timer 04:00
1 Play Today
Question Answer Wrong Answers
Movies - Which African country produces more movies than Hollywood? Nigeria
89.8%
Niger
3.2%
Namibia
4.1%
Nollywoodland
2.8%
Language - What is the most widely spoken African language? Swahili
81.7%
Xhosa
6.3%
Hausa
3.2%
Yoruba
6.3%
Television - Which country is the Daily Show's Trevor Noah from? South Africa
78.4%
Ghana
8.8%
Uganda
5.1%
Zimbabwe
7.1%
Geography - After the Nile, what is Africa's longest river? Congo
77.3%
Niger
15.3%
Orange
1.4%
Limpopo
4.4%
Music - What section of the orchestra would an African marimba belong to? Percussion
72.4%
Brass
4.2%
Strings
4.9%
Woodwind
15.3%
Gaming - Which of these countries is a territory in Risk? Madagascar
63.3%
Algeria
10.8%
Ethiopia
18.1%
Cameroon
5.8%
Science - Which of these human organs was first transplanted in Africa? Heart
60.8%
Lungs
9.6%
Liver
24.2%
Brain
4.3%
Miscellaneous - Which chicken restaurant chain with over 1,000 outlets worldwide was founded in Africa? Nando's
59.6%
KFC
14.5%
Church's Chicken
15.4%
Wingstop
7.9%
Religion - Which of these is not an Egyptian god? Anansi
56.9%
Sekhmet
11%
Ra
3.3%
Thoth
28.7%
Sports - In 1934, what was the first African nation to compete in the FIFA World Cup? Egypt
54.8%
Madagascar
0.9%
Kenya
24.4%
Zaire
16.2%
Just For Fun - The capital of which of these African countries comes last alphabetically? Seychelles
53.9%
Sierra Leone
11.7%
Somalia
9.9%
Sudan
20.5%
Entertainment - Which of these is a real former African country, rather than one from the Marvel/DC universes? Biafra
44.8%
Zambesi
32.6%
Wakanda
14.4%
Lamumba
4.8%
History - Which African ruler was the richest man in history? Mansa Musa (Mali)
38.1%
Haile Selassie (Ethiopia)
20.1%
Hannibal (Carthage)
15.4%
Akhenaten (Egypt)
22.5%
Holiday - What date is Africa Day? 25 May
30.3%
30 August
20.5%
1 October
28.5%
5 April
17.6%
Literature - Who was the first Black African writer to win the Nobel Prize for Literature? Wole Soyinka
17.5%
Alex Haley
14.1%
Chinua Achebe
40.7%
Chimamanda Ngozi Adichie
23.1%

You're not logged in!

Compare scores with friends on all Sporcle quizzes.
OR
Log In

Show Comments

Extras

Top Quizzes Today


Score Distribution

Your Account Isn't Verified!

In order to create a playlist on Sporcle, you need to verify the email address you used during registration. Go to your Sporcle Settings to finish the process.

Report this User

Report this user for behavior that violates our Community Guidelines.

Details: